[Event "London Lloyds"]
[Site "London ENG"]
[Date "1993.??.??"]
[Round "9"]
[White "Flear, Glenn C"]
[Black "Norwood, David"]
[Result "1-0"]
[WhiteElo "2500"]
[BlackElo "2515"]
[PlyCount "87"]
[EventDate "1993.08.??"]
[Source "www.chesslib.no"]
[SourceDate "2004.05.04"]

1. d4 g6 2. c4 Bg7 3. Nc3 c5 4. d5 f5 5. Bg5 d6 6. h4 Nd7 7. h5 h6 8. Bd2 g5 9. Qc2 Ne5 10. Nf3 Ng4 11. e3 e5 12. dxe6 Bxe6 13. Bd3 Ne7 14. Ne2 O-O 15. Bc3 Nc6 16. Rd1 Qe7 17. Bxg7 Qxg7 18. Qc3 Nce5 19. Nh2 Nxh2 20. Rxh2 Rae8 21. Rh1 f4 22. exf4 Nxc4 23. Qxg7+ Kxg7 24. Bg6 Nxb2 25. Rb1 Re7 26. Rxb2 gxf4 27. f3 d5 28. Kf2 d4 29. Rh4 Bc4 30. Nxf4 b5 31. Rg4 Kf6 32. Be4 Rd8 33. Rg6+ Ke5 34. Nd3+ Bxd3 35. Bxd3 Kd5 36. Bxb5 Rc8 37. Bd3 Re3 38. Ba6 Rc7 39. Rxh6 Ra3 40. Rg6 d3 41. Rb7 Rxb7 42. Bxb7+ Kc4 43. Ke3 Kc3 44. Ra6 1-0

[Event "Acropolis IM Open"]
[Site "Athens"]
[Date "2004.11.18"]
[Round "3"]
[White "Dobrov, Vladimir"]
[Black "Nikolaidis, Ioannis"]
[Result "1-0"]
[WhiteElo "2487"]
[BlackElo "2527"]
[PlyCount "95"]
[EventDate "2004.11.16"]
[Source "Roberto Alvarez"]
[SourceDate "2004.11.29"]

1. d4 g6 2. c4 Bg7 3. g3 c5 4. d5 b5 5. cxb5 a6 6. bxa6 Nf6 7. Bg2 d6 8. Nc3 O-O 9. Nf3 Bf5 10. Nh4 Bg4 11. h3 Bc8 12. O-O Qb6 13. Rb1 Nxa6 14. b3 Nc7 15. Qc2 Nb5 16. Nxb5 Qxb5 17. a4 Qa6 18. Bd2 e6 19. dxe6 Bxe6 20. Bxa8 Rxa8 21. Bc3 d5 22. Bxf6 Bxf6 23. Qxc5 Bxh3 24. Ng2 d4 25. Rfd1 Bf5 26. Rbc1 Qxe2 27. Qc6 Ra6 28. Qc4 Qxc4 29. Rxc4 Bg4 30. Rdxd4 Bxd4 31. Rxd4 Bf3 32. Ne3 h5 33. Kf1 Kg7 34. Ke1 f5 35. Kd2 Kf6 36. Rd8 Be4 37. Nd5+ Kg5 38. Nc3 Bf3 39. Rd4 Rf6 40. b4 f4 41. Ne4+ Bxe4 42. Rxe4 fxg3 43. fxg3 Rd6+ 44. Ke3 Rd1 45. b5 Rb1 46. Kd4 Rb3 47. Kc5 Rxg3 48. b6 1-0

[Event "Bobby Fischer Memorial"]
[Site "Villa Martelli ARG"]
[Date "2008.03.11"]
[Round "1.5"]
[White "Slipak, Sergio"]
[Black "Flores, Diego"]
[Result "1/2-1/2"]
[WhiteElo "2448"]
[BlackElo "2558"]
[PlyCount "131"]
[EventDate "2008.03.11"]
[Source "www.chesslib.no"]
[SourceDate "2004.05.04"]

1. d4 g6 2. c3 Bg7 3. Bg5 f5 4. e3 Nh6 5. Bxh6 Bxh6 6. Nd2 O-O 7. Ngf3 d6 8. Bc4+ e6 9. Bb3 Kh8 10. O-O Nc6 11. e4 e5 12. dxe5 fxe4 13. Nd4 Nxe5 14. Nxe4 Qh4 15. Qe2 Bf5 16. Nxf5 gxf5 17. Nd2 Rae8 18. Nf3 Qg4 19. h3 Qg7 20. Nxe5 dxe5 21. Rad1 e4 22. f4 Rf6 23. Qe3 Rg6 24. Rd2 Qe7 25. Kh2 Bf8 26. Qd4+ Rg7 27. Qe5 Qxe5 28. fxe5 Rg5 29. e6 Bd6+ 30. Kh1 f4 31. Rd5 h6 32. Rd4 e3 33. Re4 Kg7 34. Rf3 h5 35. g3 Rxg3 36. Rxg3+ fxg3 37. Rxe3 Rf8 38. Re2 h4 39. Kg2 Be7 40. Bd5 c6 41. Bf3 Rf4 42. Rd2 Kf6 43. Re2 Ra4 44. b3 Rf4 45. Bg4 a5 46. Bf3 a4 47. Bg4 Bd6 48. Bf3 a3 49. Bg4 Be7 50. Bf3 Rf5 51. Re4 Rc5 52. Rxh4 Rxc3 53. Rc4 Rd3 54. Rc2 Kxe6 55. Kxg3 Bd6+ 56. Kf2 Be5 57. h4 Kf5 58. Ke2 Rd6 59. h5 Bd4 60. Rc4 Bb2 61. b4 Be5 62. b5 cxb5 63. Rb4 Rb6 64. Bg4+ Kf6 65. Bd7 Kg5 66. Rxb5 1/2-1/2

[Event "BL 0607 Hamburger SK - SG Köln Porz"]
[Site "Germania"]
[Date "2007.03.17"]
[Round "12.7"]
[White "Hansen, Curt"]
[Black "Sebastian, Dirk"]
[Result "0-1"]
[WhiteElo "2621"]
[BlackElo "2384"]
[PlyCount "54"]
[EventDate "2006.10.28"]
[Source "www.chesslib.no"]
[SourceDate "2004.05.04"]

1. d4 g6 2. e4 Bg7 3. c4 Nc6 4. Nf3 e5 5. d5 Nd4 6. Nxd4 exd4 7. Bd3 d6 8. O-O Nf6 9. Bg5 h6 10. Bh4 O-O 11. Nd2 g5 12. Bg3 Ng4 13. Rc1 Ne5 14. Bb1 h5 15. f3 h4 16. Bf2 d3 17. Qb3 Qf6 18. Be3 Ng6 19. Bxd3 Qxb2 20. Bxg5 Qd4+ 21. Kh1 f6 22. Bxh4 Nxh4 23. f4 Bg4 24. c5 Rf7 25. e5 fxe5 26. Rc4 Qxd5 27. cxd6 Qxg2# 0-1

[Event "FRA-chT 9900"]
[Site "?"]
[Date "2000.02.04"]
[Round "1.4"]
[White "Podzielny Karl Heinz"]
[Black "Okhotnik Vladimir"]
[Result "1/2-1/2"]
[WhiteElo "2506"]
[BlackElo "2499"]
[PlyCount "112"]
[EventDate "2000.??.??"]
[Source "www.chesslib.no"]
[SourceDate "2004.05.04"]

1. d4 g6 2. c4 Bg7 3. Nc3 c5 4. d5 Bxc3+ 5. bxc3 f5 6. e4 fxe4 7. h4 Nf6 8. h5 Rg8 9. hxg6 hxg6 10. Qa4 Qb6 11. Ne2 g5 12. Ng3 Kd8 13. Qc2 d6 14. Rb1 Qa6 15. Rh6 Nbd7 16. Nxe4 Nxe4 17. Qxe4 Nf6 18. Qc2 Bd7 19. Bd3 Kc7 20. Kf1 Raf8 21. Be2 b6 22. a4 Bxa4 23. Qb2 Bd7 24. Ra1 Qb7 25. Be3 Rg7 26. Kg1 a6 27. Qc1 Rfg8 28. Qa3 a5 29. Re1 Qb8 30. Rb1 Bf5 31. Rb2 Rh8 32. Rxh8 Qxh8 33. Qb3 Nd7 34. Qb5 Qa8 35. g4 Bg6 36. Bf3 Be8 37. Be4 Qb7 38. Bf5 Rg8 39. Qb3 Ne5 40. Re2 Qa6 41. Bc1 Rg7 42. Re4 b5 43. Qd1 bxc4 44. Qe2 Rg8 45. f4 gxf4 46. Bxf4 Kd8 47. Rxe5 dxe5 48. Qxe5 Qb6 49. Qe4 Bf7 50. Qxc4 Ke8 51. Qa4+ Kf8 52. d6 exd6 53. Bh6+ Rg7 54. Qd7 c4+ 55. Kf1 Qb8 56. Bxg7+ Kxg7 1/2-1/2

[Event "Calviá ol (Men)"]
[Site "Mallorca"]
[Date "2004.10.17"]
[Round "3.3"]
[White "Likavsky, Tomas"]
[Black "Chatalbashev, Boris"]
[Result "0-1"]
[WhiteElo "2449"]
[BlackElo "2554"]
[PlyCount "72"]
[EventDate "2004.10.15"]
[Source "Roberto Alvarez"]
[SourceDate "2004.10.18"]

1. d4 g6 2. Nf3 Bg7 3. c4 c5 4. d5 d6 5. e4 e6 6. Bd3 exd5 7. cxd5 Nf6 8. O-O O-O 9. Nbd2 Bg4 10. a4 Re8 11. h3 Bxf3 12. Qxf3 Nbd7 13. Nc4 Nh5 14. g4 Nhf6 15. Bg5 Ne5 16. Nxe5 Rxe5 17. Bh4 h5 18. g5 Nd7 19. Qg2 Re8 20. f4 Rc8 21. b3 Bxa1 22. Rxa1 a6 23. Be1 c4 24. bxc4 Qb6+ 25. Qf2 Qxf2+ 26. Kxf2 Nc5 27. Ke3 Nxe4 28. Kf3 Nc5 29. Bc2 Nd7 30. Bd3 Nb6 31. Bf2 Nxc4 32. Ra2 b5 33. a5 Nxa5 34. Rxa5 Rc3 35. Rxa6 Rxd3+ 36. Kg2 Rxd5 0-1

[Event "7th, Cutro ITA"]
[Site "?"]
[Date "2001.??.??"]
[Round "2"]
[White "Ortega, Le"]
[Black "Chatalbashev, B."]
[Result "0-1"]
[WhiteElo "2485"]
[BlackElo "2515"]
[PlyCount "60"]
[EventDate "2001.??.??"]
[Source "www.chesslib.no"]
[SourceDate "2004.05.04"]

1. d4 g6 2. g3 Bg7 3. Bg2 c5 4. dxc5 Na6 5. e4 Nxc5 6. Ne2 d6 7. Nbc3 Nf6 8. e5 dxe5 9. Qxd8+ Kxd8 10. Be3 Ne6 11. O-O-O+ Kc7 12. f4 Bh6 13. Kb1 exf4 14. gxf4 Bd7 15. Rxd7+ Kxd7 16. Bxb7 Rad8 17. Nb5 Ke8 18. Nxa7 Kf8 19. a4 Kg7 20. Rf1 Nd5 21. Bc1 Rd7 22. Bc6 Rxa7 23. Bxd5 Rd8 24. Bc6 Ra6 25. Bb5 Rad6 26. Bc4 Nd4 27. Nxd4 Rxd4 28. b3 e5 29. fxe5 Rd1 30. Kb2 Bxc1+ 0-1